00284nam a22000977a 4500082002100000245003900021260004300060300003400103526003700137650001200174 a363.7387bCANcD aVehicular Emission Control Project aCanadabEnvironental Technology Center averiable pagesbill. ;c24 cm a0b0c0d363_738700000000000_CAN aMCE (D)